| 000 | 00978nam a22002417a 4500 | ||
|---|---|---|---|
| 999 |
_c63385 _d63385 |
||
| 005 | 20240530110638.0 | ||
| 008 | 171001s2016 ua g 000 0 ara d | ||
| 017 |
_a2016/19395 _bمصر. دار الكتب |
||
| 040 |
_aEG-CaGPL _cEG-CaGPL |
||
| 082 | 0 | 4 |
_221 _a216\ _bا ب |
| 100 | 0 | _aالسموأل بن يحيى . | |
| 245 | 1 | 0 |
_aبذل المجهود فى افحام اليهود / _cالسموأل بن يحيى ، شمؤئيل بن يهودا بن ابون ؛ تقديم و تعليق هشام رشاد عزت . |
| 250 | _aط.1 | ||
| 260 |
_aالقاهرة : _bالمؤلف ، _c2016 . |
||
| 300 |
_a96 ص ؛ _c24 سم . |
||
| 650 | 0 | 7 |
_2qrmak _aالاسلام _xدفع مطاعن |
| 650 | 0 | 7 |
_2qrmak _aالاسلام واليهودية . |
| 650 | 0 | 7 |
_2qrmak _aالمسلمون واليهود . |
| 700 | 0 | _aشمؤئيل بن يهودا بن ابون | |
| 700 | 0 |
_aهشام رشاد عزت _eمقدم و معلق . |
|
| 942 |
_2ddc _cBK |
||